000 00544nam a22001697a 4500
005 20250923104503.0
008 250919b |||||||| |||| 00| 0 eng d
020 _a9781779562890
082 _aDC 659.2 B859 2025
100 _aBudiman, Purborini.
_967872
245 _aPublic relations /
_cPurborini Budiman.
260 _aCanada :
_bToronto Academic Press,
_c©2025.
300 _axiii, 196 pages :
_billustrations (some colors) ;
_c25 cm.
500 _aIncludes references and index.
650 0 _aPublic relations.
_968078
942 _2ddc
_cDC
999 _c23858
_d23858